| 000 | 00558cam a22001932 4500 | ||
|---|---|---|---|
| 001 | 0000000871 | ||
| 005 | 20170406112939.0 | ||
| 008 | 131120s xx 000 0 eng d | ||
| 020 |
_a0340242353 : _c$ |
||
| 040 |
_aYour Holding Symbol _cYour Holding Symbol |
||
| 100 | 1 | _aGraig,Mary. | |
| 245 | 1 | 0 |
_aMan from a far country : _ba portrait of pope john paul ii. |
| 250 | _a ed. | ||
| 260 |
_alondon : _bHadder and stoughton, _c1928. |
||
| 300 |
_a190 p. ; _c cm. |
||
| 504 | _abibliography. | ||
| 650 | 0 | _achrisianity. | |
| 908 | _a131120 | ||
| 999 |
_c791 _d791 |
||